| 000 | 00617nam a2200181 4500 | ||
|---|---|---|---|
| 001 | 148224 | ||
| 003 | ES-MaACL | ||
| 005 | 20230906202512.0 | ||
| 007 | t| | ||
| 008 | 070214s1963 mx r ||||1| spa d | ||
| 245 | 0 | 3 |
_aEl futuro de los países subdesarrollados _b: implicaciones políticas del desarrollo económico. |
| 250 |
_aedición corregida por _bEugene Stanley. |
||
| 260 |
_aMéxico : _bEd. Roble, _c1963. |
||
| 300 |
_aXIX, 524 p. ; _c22 cm + _e1 map. |
||
| 500 | _apublicada para el Consejo sobre Relaciones Exteriores. | ||
| 700 | 1 |
_aStanley, Eugene. _9107901 |
|
| 852 |
_aES-MaACL _jC-24850 _bR.53532 |
||
| 999 |
_c148224 _d148224 |
||